000 01120cam a2200301 i 4500
001 016964318
003 Uk
005 20221123100812.0
008 140915s2015 njua b 001 0 eng d
020 _a9781118775523
_qhardback
040 _aStDuBDS
_beng
_cStDuBDS
_dUk
_erda
_dMY-SjTCS
082 0 4 _a532.58
_bBIR 2015
100 1 _aBird, R. Byron
_q(Robert Byron),
_d1924-
_eauthor.
_973010
245 1 0 _aIntroductory transport phenomena /
_cR. Byron Bird, Warren E. Stewart, Edwin N. Lightfoot, Daniel J. Klingenberg.
264 1 _aHoboken, New Jersey :
_bJohn Wiley & Sons,
_c[2015]
300 _ax, 769 pages :
_billustrations ;
_c27 cm
336 _atext
_2rdacontent
337 _aunmediated
_2rdamedia
338 _avolume
_2rdacarrier
504 _aIncludes bibliographical references and indexes.
650 0 _aViscous flow
_xMathematical models
_9305548
650 0 _aFluid dynamics.
_9202759
650 0 _aTransport theory
_94652
700 1 _aStewart, Warren E.,
_d1924-
_96712
700 1 _aLightfoot, Edwin N.,
_d1925-
_96711
700 1 _aKlingenberg, Daniel J.,
_eauthor.
_9305547
920 _aSLAS : 332303
999 _c187913